Normal view
MARC view
- Composición (Fotografía)
Entry Materia
001 - NÚMERO DE CONTROL DEL REGISTRO
- campo de control: 9817
003 - IDENTIFICADOR DE NUMERO DE CONTROL
- campo de control: MX-MxUPN
005 - FECHA Y HORA DE LA ÚLTIMA TRANSACCIÓN
- campo de control: 20231020130506.0
008 - DATOS DE LONGITUD FIJA
- campo de control de longitud fija: 231020nn annnnbabn n ana |d
035 ## - NÚMERO DE CONTROL DEL SISTEMA
- Número de control del sistema: UPN10000009824
040 ## - FUENTE DE LA CATALOGACIÓN
- Lengua de catalogación: spa
- Centro catalogador de origen: MX-MxUPN
053 #4 - NÚMERO CLASIFICADOR - BIBLIOTECA DEL CONGRESO (LC)
- Elemento numérico de la clasificación - Número único o no. inicial del rango: TR179
150 ## - ENCABEZAMIENTO - TEMÁTICO
- Término de materia o nombre geográfico como elemento inicial: Composición (Fotografía)
670 ## - FUENTE EN LA QUE SE LOCALIZARON DATOS
- Cita de la fuente: LC Authorities, 20 octubre 2023 :
- Información localizada: Composition (Photography)
- Identificador Uniforme del Recurso: https://lccn.loc.gov/sh85029405
902 ## - CATALOGADOR
- Catalogador: MEEG/240502
- Catalogador: VíctorGodínez/201023
